Практическая перспектива: учебное пособие для вузов

Bibliografiske detaljer
Hovedforfatter: Макарова М. Н. Маргарита Николаевна
Institution som forfatter: Московский открытый социальный университет
Summary:Книга «Практическая перспектива» является составной частью и продолжением учебника «Перспектива», изданного в 2002 г. издательством «Академический Проект». В то же время она может быть самостоятельным учебным пособием, имеющим практическую направленность. В учебном пособии представлен практический материал по всем общим разделам и темам теории перспективы. Даны различные способы и приемы построения в перспективе геометрических тел и различных по форме окружающих нас предметов. Излагаются способы построения в перспективе улиц, интерьеров и экстерьерных архитектурных объектов с их планировкой, винтовыми лестницами, изображением теней при искусственном и естественном освещении, а также отражениями предметов в зеркальной поверхности. Новым материалом в книге является изложение практических способов применения перспективы в ландшафтном и средовом дизайне, архитектурном проектировании, на пленэре, а также на занятиях по рисунку и живописи при выполнении с натуры гипсовых слепков (орнаментов), головы и фигуры человека, натюрмортов. Пособие содержит 500 различных иллюстраций, представленных в черно-белом и цветном исполнении (рисунки, этюды, наброски, эскизы, чертежи). Книга «Практическая перспектива» является учебным пособием для студентов художественных вузов, учащихся художественных училищ и школ. Она также будет полезна всем, кто самостоятельно занимается изобразительной деятельностью — живописью, рисунком, композицией, ландшафтным, средовым и графическим дизайном, художественным и архитектурным проектированием.
Sprog:russisk
Udgivet: Москва, Академический проект, 2005
Serier:Gaudeamus
Учебное пособие для высшей школы
Fag:
Format: MixedMaterials Bog
KOHA link:https://koha.lib.tpu.ru/cgi-bin/koha/opac-detail.pl?biblionumber=88562

MARC

LEADER 00000nam0a2200000 4500
001 88562
005 20231101213616.0
010 |a 582910556X 
035 |a (RuTPU)RU\TPU\book\95046 
090 |a 88562 
100 |a 20051227d2005 m y0rusy50 ca 
101 0 |a rus 
102 |a RU 
105 |a a j 001zy 
200 1 |a Практическая перспектива  |e учебное пособие для вузов  |f М. Н. Макарова  |g Московский открытый социальный университет 
210 |a Москва  |c Академический проект  |d 2005 
215 |a 400 с.  |c ил. 
225 1 |a Gaudeamus 
225 1 |a Учебное пособие для высшей школы 
320 |a Библиогр.: с. 396. 
330 |a Книга «Практическая перспектива» является составной частью и продолжением учебника «Перспектива», изданного в 2002 г. издательством «Академический Проект». В то же время она может быть самостоятельным учебным пособием, имеющим практическую направленность. В учебном пособии представлен практический материал по всем общим разделам и темам теории перспективы. Даны различные способы и приемы построения в перспективе геометрических тел и различных по форме окружающих нас предметов. Излагаются способы построения в перспективе улиц, интерьеров и экстерьерных архитектурных объектов с их планировкой, винтовыми лестницами, изображением теней при искусственном и естественном освещении, а также отражениями предметов в зеркальной поверхности. Новым материалом в книге является изложение практических способов применения перспективы в ландшафтном и средовом дизайне, архитектурном проектировании, на пленэре, а также на занятиях по рисунку и живописи при выполнении с натуры гипсовых слепков (орнаментов), головы и фигуры человека, натюрмортов. Пособие содержит 500 различных иллюстраций, представленных в черно-белом и цветном исполнении (рисунки, этюды, наброски, эскизы, чертежи). Книга «Практическая перспектива» является учебным пособием для студентов художественных вузов, учащихся художественных училищ и школ. Она также будет полезна всем, кто самостоятельно занимается изобразительной деятельностью — живописью, рисунком, композицией, ландшафтным, средовым и графическим дизайном, художественным и архитектурным проектированием. 
610 1 |a черчение 
610 1 |a перспективы 
610 1 |a точка 
610 1 |a прямая 
610 1 |a картина 
610 1 |a плоскости 
610 1 |a построение 
610 1 |a изображение 
610 1 |a перспективные масштабы 
610 1 |a геометрические тела 
610 1 |a углы 
610 1 |a тени 
610 1 |a отражения 
610 1 |a зеркальные плоскости 
610 1 |a рисунок 
610 1 |a живопись 
610 1 |a применение 
610 1 |a интерьер 
610 1 |a дизайн 
610 1 |a архитектурное проектирование 
610 1 |a ландшафтный дизайн 
610 1 |a учебные пособия 
675 |a 742(075.8)  |v 3 
700 1 |a Макарова  |b М. Н.  |g Маргарита Николаевна 
712 0 2 |a Московский открытый социальный университет  |2 stltpush  |3 (RuTPU)RU\TPU\col\4402  |9 23972 
801 1 |a RU  |b 63413507  |c 20051227  |g PSBO 
801 2 |a RU  |b 63413507  |c 20060407  |g PSBO 
942 |c BK 
959 |a 118/20051223  |d 1  |e 333,63  |f НФ:1